01008nam a2200193Ia 450000500170000000800410001702000180005805000220007610000200009824501010011826000370021930000160025633700100027233800140028250001210029650502670041765000910068470000390077520231102151425.0121028s9999 xx 000 0 und d a968-880-016-3 aTK7888.3 M67 198210aMORRIS Mano, M. aLógica digital y diseño de computadores c/ M. Morris Mano ; trad. Jaime Alberto Valbuena Z. aMéxicob : Prentice-Hallc1982 a636 paginas atexto asin medio aTraducido de la primera edición en inglés de DIGITAL LOGIC AND COPUTER DESIGN Incluye índices y bibliografía a1. Sistemas binarios 2. Álgebra de Boole y compuertas lógicas 3. Simplificación de funciones de Boole 4. Lógica combinacional 5. Lógica combinacional con MSI y LSI 6. Lógica secuencial 7. Registros contadores y unidad de memoria 8. Lógica de transf aComputación \ 2. Sistemas digitales \ 3. Diseño lógico \ 4. Circuitos integrados aValbuena Z., Jaime Alberto, tr.Ì